02818cam a22011654i 4500003000900000005001700009008004100026020001800067035002700085040003300112082002100145100004300166245006600209264004300275300005300318336002100371337002500392338002300417490003700440504002800477505042500505526000900930526000900939526000900948526000900957526000900966526000900975526000900984526000900993526000901002526000901011526000901020526000901029526000901038526000901047526000901056526000901065526000901074526000901083526000901092526000901101526000901110526000901119526000901128526000901137526000901146526000901155526000901164526000901173526000901182526000901191526000901200526000901209526000901218526000901227526000901236526000901245526000901254526000801263526000801271526000801279526000801287526000801295526000801303526000801311526000801319526000801327526000801335526000801343526000801351526000801359526000801367526000801375526000801383526000801391526000801399526000801407526000801415526000801423526000801431526000801439526000801447526000801455526000801463526000801471526000801479526000801487526000801495526000801503526000801511526000801519526000801527526000801535541001601543541001601559541001701575541001801592541002501610650001701635PE-LiUPU20250813185607.0150706s2010    sp a    rb    000 0 spa d  a9788497567053  a(Sirsi) i9788497567053  aPE-LiUPUbspacPE-LiUPUerda04a372.611bV622211 aVicente Pérez, Francisco de,eautor.10aPsicología del aprendizaje /cFrancisco de Vicente Pérez. 1aMadrid, España :bSíntesis,c2010.  a301 páginas :bilustraciones ;c23 centimetros  atext2rdacontent  aunmediated2rdamedia  avolume2rdacarrier0 aBiblioteca de psicología ;v10  aIncluye bibliografía.0 a¿Qué es el aprendizaje? -- Aprendizaje no asociativo: habitación y sensibilización -- Condicionamiento clásico -- Condiciones del entrenamiento que afectan al condicionamiento clásico -- Aspectos teóricos del condicionamiento clásico -- Condicionamiento instrumental -- Programas de reforzamiento -- Control aversivo de la conducta -- Procesos de generalización y discriminación -- Aprendizaje social.  aP202  aP201  aP163  aP162  aP161  aP160  aP148  aP147  aP146  aP145  aP144  aP143  aP142  aP141  aP140  aP139  aP138  aP137  aP136  aP135  aP134  aP133  aP129  aP128  aP127  aP120  aP119  aP118  aP116  aP115  aP114  aP110  aP109  aP108  aP104  aP103  aP102  aP99  aP98  aP97  aP96  aP95  aP93  aP90  aP89  aP88  aP83  aP82  aP62  aP59  aP58  aP57  aP51  aP49  aP48  aP47  aP29  aP24  aP20  aP19  aP17  aP15  aP14  aP12  aP10  aP09  aP08  aP07  aP06  aP05  aP04  aP01  g001-003364;  g001-003032;  g001-003081 ;  g0020-0000823;  g001-003179;FJ00345.04aAprendizaje.